00662nam a2200193 i 4500003000900000005001700009007000300026008004100029040003000070082001300100245007100113246007300184264005500257300002600312336002700338337003400365338002800399700004100427DO-SdBNP20240305073656.0ta110413s1994 dr 000 0 spa d aDO-SdBNPbspacBNPHUerda bP95322200aPrimer seminario sobre género y vejez /ccompilador Margot Tapia00aPrimer seminario sobre género y vejezben República Dominicana / 1aSanto Domingo :bCentro de apoyo Aquelarre,c1994. a48 páginas c28 cm. 2rdacontentatextobtxt 2rdamediaasin mediación bn 2rdacarrieravolumenbnc1 aSilié, Rubén,d1946-ecompilador